| 000 | 01725cam a22004814i 4500 | ||
|---|---|---|---|
| 003 | PE-LiUPU | ||
| 005 | 20250731173419.0 | ||
| 008 | 150706s2008 mou r 000 0 spa d | ||
| 020 | _a9780758615831 | ||
| 035 | _a(Sirsi) i9780758615831 | ||
| 040 |
_aPE-LiUPU _bspa _cPE-LiUPU _erda |
||
| 049 | _aPRUA | ||
| 082 | 0 | 4 |
_a223.2 _bLS _221 |
| 245 | 0 | 0 |
_aLeyendo los Salmos con Lutero : _bel salterio para devociones personales o en familia / _ctraducido por Ewaldo Beckmann, editado por Héctor E. Hoppe. |
| 264 | 1 |
_aMissouri, U.S.A. : _bConcordia, _c2008. |
|
| 300 |
_a289 páginas ; _c24 centímetros |
||
| 336 |
_atext _2rdacontent |
||
| 337 |
_aunmediated _2rdamedia |
||
| 338 |
_avolume _2rdacarrier |
||
| 505 | 0 | _aLos salmos -- Categoría de los salmos. | |
| 526 | _aSEG42 | ||
| 526 | _aSEG41 | ||
| 526 | _aSEG40 | ||
| 526 | _aSEG39 | ||
| 526 | _aP94 | ||
| 526 | _aP87 | ||
| 526 | _aP86 | ||
| 526 | _aP85 | ||
| 526 | _aP77 | ||
| 526 | _aP76 | ||
| 526 | _aP35 | ||
| 541 | _g001-0000580; | ||
| 630 |
_aBiblia. _pA.T. _pSalmos _vCrítica, interpretación, etc. |
||
| 700 | 1 |
_aBeckmann, Ewaldo, _etr. |
|
| 700 | 1 |
_aHoppe, Héctor E., _eed. |
|
| 700 | 1 | _aLutero, Martín1483-1546. | |
| 910 |
_agl _bjv _clch _d20120614 |
||
| 942 |
_2ddc _cBOOK |
||
| 949 |
_a223.2 LS _wDEWEY _c1 _i64887 _lCCODEBUL1 _mBUL _p21.00 _r0 _sY _tBOOK _u2015-7-6 _xTEOLOGIA _PP35 _o.STAFF. Colección General |
||
| 994 |
_aC0 _bPEPRU |
||
| 596 | _a1 | ||
| 999 |
_a223.2 LS _wDEWEY _c53594 _i64887 _d53594 _e2019-9-22 _f2021-11-9 _g5 _lCCODEBUL1 _mBUL _n15 _p21.00 _q16 _r0 _sY _tBOOK _u2015-7-6 _xTEOLOGIA _PP35 _0COMPRA _o.STAFF. Colección Teología |
||
| 980 |
_81 _gALBERTO SANCHEZ Responsable de Automatización |
||